| 000 | 00386nam a22001697a 4500 | ||
|---|---|---|---|
| 003 | SGT | ||
| 020 | _a9789354641473 | ||
| 082 |
_a616.31 _bB22G |
||
| 100 | _aGlick, Michael...[et. al.] | ||
| 245 | _aBurket's Oral Medicine | ||
| 250 | _a13th | ||
| 260 |
_aUnited States _bWiley _c2022 |
||
| 300 | _a1172 | ||
| 650 | _aOral Medicine | ||
| 653 | _aOral Medicine | ||
| 942 |
_2ddc _cBK _0156 |
||
| 999 |
_c22718 _d22718 |
||